00959nam a2200265Ia 450000500170000000800270001702000180004408200170006210000390007924000380011824500680015625000170022430000260024149000830026750000550035065000450040565000460045094200120049626400470050833600270055533700330058233800280061504000350064399900150067820220317000327.0141031s9999 ck 000 0 spa d a978958837590804a070.44bG17p1 aGarcía Robayo, Margarita,d1980- aBolívar-Bibliografía regional14aLas personas normales son muy raras cMargarita García Robayo a1a edición a114 páginasc22 cm. aColección voces del fuegovTestigos del bicentenario. Periodismo, volumen 26 aIncluye datos biográficos del autor en la solapa142LEMBaCrónicas periodisticaszColombia142LEMBaReportajesvColecciones de escritos 2ddccBK aCartagena de IndiasbPluma de Mompoxc2011 atextobtxt2rdacontent asin mediaciónbn2rdamedia avolumenbnc2rdacarrier aCO-BoRNBPbspaerdacCO-BoRNBP c3734d3734